000 00342nam a2200157Ia 4500
008 100122s9999 xx 000 0 und d
082 _b76031
_a920.72
100 _aGARSON HELEN S.
245 _aOPRAH WINFREY
250 _a1
260 _c2009
300 _a174
630 _aOPRAH WINFREY
730 _aOPRAH WINFREY
942 _cBOOK
999 _c392275
_d392272